| 000 | 00491nam a22001817a 4500 | ||
|---|---|---|---|
| 003 | CEME | ||
| 005 | 20210628203738.0 | ||
| 008 | 210416b xxu||||| |||| 00| 0 eng d | ||
| 020 | _a0-471-58471-1 | ||
| 040 | _c. | ||
| 082 | _a621.381046 RAH'B | ||
| 100 |
_aRan, Armin _967107 |
||
| 245 | _aThe basics of soldering | ||
| 260 |
_aNEWYORK _bJOHN WILEY _c1993 |
||
| 300 | _aXV,369P | ||
| 650 |
_aELECTRONIC PACKAGING SOLDER AND SOLDERING SURFACE MOUNT TECHNOLOGY _967108 |
||
| 942 |
_cBK _2ddc |
||
| 999 |
_c574956 _d574956 |
||